Finishery w Wrestlingu - Statystyki

Ogólne statystyki
  • Ten quiz został rozwiązany 10 razy
  • Średni wynik to 12 z 21
Statystyki odpowiedzi
Hint Odpowiedź % Poprawnych
619 Rey Mysterio
90%
Jackhammer Goldberg
80%
Ankle Lock Kurt Angle
70%
The Last Ride The Undertaker
70%
Lost In The Woods Xavier Woods
70%
Sharpshooter Bret Hart
60%
Leg Drop Hulk Hogan
60%
The Million Dolar Dream Ted Dibiase
60%
Banzai Drop Yokozuna
60%
W.M.D Big Show
50%
Patriot Lock Jack Swagger
50%
The DDT Jake Roberts
50%
Figure Four Leg Lock Ric Flair
50%
Stink Face Rikishi
50%
Five Star Frog Splash Rob van Dam
50%
Muscle Buster Samoa Joe
50%
Lionsault Chris Jericho
40%
Playmaker M.V.P
40%
Camel Clutch The Iron Sheik
40%
Armbar Ronda Rousey
30%
Beauty Shot Tyler Breeze
30%
Nie znaleziono quizów pasujących do podanych kryteriów
Rozkład punktacji
Procent ludzi z każdym wynikiem
Percentyl według liczby udzielonych odpowiedzi
Twoja historia wyników
Nie rozwiązałeś tego quizu